|
|
|
|
| LEADER |
00763nam a2200229 a 4500 |
| 001 |
1194648 |
| 008 |
090702s1997 ii 000 1 eng d |
| 010 |
|
|
|a 97902605
|
| 020 |
|
|
|a 8186939008
|
| 040 |
|
|
|a DLC
|c DLC
|
| 082 |
0 |
0 |
|a 823
|2 21
|
| 100 |
1 |
|
|a Roy, Arundhati.
|
| 245 |
1 |
4 |
|a The god of small things /
|c Arundhati Roy.
|
| 260 |
|
|
|a New Delhi, India :
|b IndiaInk,
|c 1997.
|
| 300 |
|
|
|a 339 p. ;
|c 22 cm.
|
| 500 |
|
|
|a Novel.
|
| 541 |
1 |
|
|e 00006132
|
| 651 |
|
0 |
|a India
|x Fiction.
|
| 852 |
4 |
|
|a Ayesha Abed Library
|j General shelf
|
| 942 |
0 |
0 |
|0 1
|2 ddc
|c BK
|
| 999 |
|
|
|c 2003
|d 2003
|
| 952 |
|
|
|0 0
|1 0
|2 ddc
|4 0
|6 823_ROY_199700000000000
|7 0
|9 1840
|a BRACUL
|b BRACUL
|c GEN
|d 2009-07-05
|g 400.00
|l 28
|m 198
|o 823 ROY
|p 3010006132
|q 2026-06-02
|r 2026-04-06
|s 2026-04-06
|t 1
|v 800.00
|w 2009-07-05
|y BK
|